[Event "Berlin Eckbauer op 14th"]
[Site "Berlin"]
[Date "2011.11.07"]
[Round "4.14"]
[White "Strick, Gregor"]
[Black "Hankow, Bert Juergen"]
[Result "1/2-1/2"]
[WhiteElo "1864"]
[BlackElo "2018"]
[PlyCount "20"]
[EventDate "2011.10.17"]
[EventType "swiss"]
[EventRounds "7"]
[EventCountry "GER"]
[SourceTitle "EXT 2022"]
[Source "ChessBase"]
[SourceDate "2021.10.06"]
[SourceVersion "1"]
[SourceVersionDate "2021.10.06"]
[SourceQuality "1"]

1. c4 Nf6 2. g3 e6 3. Bg2 d5 4. Nf3 dxc4 5. Na3 Bxa3 6. bxa3 0-0 7. 0-0 Nbd7 8. Qc2 c6 9. Qxc4 Nb6 10. Qc2 Qe7 1/2-1/2